The practice of geriatrics (Record no. 32449)

MARC details
000 -LEADER
fixed length control field 00657nam a2200169 a 4500
008 - FIXED-LENGTH DATA ELEMENTS--GENERAL INFORMATION
fixed length control field 110912s1986 ||||||||||||||||| || u
020 ## - INTERNATIONAL STANDARD BOOK NUMBER
International Standard Book Number 0721623298
050 ## - LIBRARY OF CONGRESS CALL NUMBER
Classification number RC 952 Pra
100 ## - MAIN ENTRY--PERSONAL NAME
Personal name Calkins, Evan
245 14 - TITLE STATEMENT
Title The practice of geriatrics
Statement of responsibility, etc. [edited by] Calkins, Evan.; Davis, Paul J.; Ford, Amasa B., 1922-
260 ## - PUBLICATION, DISTRIBUTION, ETC.
Place of publication, distribution, etc. Philadelphia: PA
Name of publisher, distributor, etc. W. B. Saunders
Date of publication, distribution, etc. 1986
300 ## - PHYSICAL DESCRIPTION
Extent xx, 617p.: ill.
350 ## -
-- 0.00
650 ## - SUBJECT ADDED ENTRY--TOPICAL TERM
Topical term or geographic name entry element MEDICINE
650 ## - SUBJECT ADDED ENTRY--TOPICAL TERM
Topical term or geographic name entry element GERIATRICS
995 ## -
-- MEDICAL LIBRARY OPEN ACCESS
-- 0.00
-- 900472
-- CBU-SCHOOL OF MEDICINE LIBRARY (Ndola)
-- 1
-- 0.00
-- RC 952 PRA
-- 1
-- AVAILABLE
-- Oct 27, 2011
-- 900472
-- Medical Library Open Access Collection
999 ## -
-- 32449
-- 32449
Holdings
Withdrawn status Lost status Source of classification or shelving scheme Damaged status Not for loan Permanent Location Current Location Shelving location Date acquired Total Checkouts Full call number Barcode Date last seen Price effective from Koha item type
          CBU-SCHOOL OF MEDICINE LIBRARY, NDOLA. CBU-SCHOOL OF MEDICINE LIBRARY, NDOLA.   11/30/2022   RC 952 Pra 900472 11/30/2022 11/30/2022 MONOGRAPH